Los hijos muertos
I tiakina i:
| Kaituhi matua: | |
|---|---|
| Hōputu: | Pukapuka |
| Reo: | Pāniora |
| I whakaputaina: |
Barcelona
Planeta
1960
|
| Ngā marau: | |
| Ngā Tūtohu: |
Tāpirihia he Tūtohu
Kāore He Tūtohu, Me noho koe te mea tuatahi ki te tūtohu i tēnei pūkete!
|
MARC
| LEADER | 00000nam a2200000 a 4500 | ||
|---|---|---|---|
| 001 | UCQ5669 | ||
| 003 | CL-VaPUC | ||
| 008 | 981002e19600000SP |||||||||||||||||spa|d | ||
| 082 | 0 | 4 | |a 863 |b MAT |2 21 |
| 100 | |a Matute, Ana María |e autora |9 316999 | ||
| 245 | 1 | 4 | |a Los hijos muertos |
| 300 | |a 557 p | ||
| 942 | |c BK | ||
| 945 | |d 19981002 00:00:00 |a crobeson | ||
| 260 | |a Barcelona |b Planeta |c 1960 | ||
| 650 | 0 | |a Novelas españolas |9 265052 | |
| 650 | 0 | |a Literatura española |9 306261 | |
| 583 | |a last modification |c 19981002 00:00:00 |k Rodrigo Vera | ||
| 999 | |c 275874 |d 275872 | ||
| 952 | |0 0 |1 0 |4 0 |6 863_000000000000000_MAT_1960 |7 0 |8 A |9 312731 |a BIBEDU |b BIBEDU |c ES_NOD |d 2019-11-20 |i 1475789 |o 863 MAT 1960 |p 1475789 |r 2023-08-09 |w 2019-11-20 |y BK |k LIT | ||